00697cam a2200217 a 450000100090000000300050000900500170001400800410003101000170007202000150008904000180010405000240012208200080014624500580015424600490021225000270026126000690028830000540035765000360041171000320044713706924SISC20160727161351.0040831s2004 nyua d 000 0 eng  a 2004557816 a0717246922 aDLCcDLCdDLC00aPE 1628b.N457 200400a42304aThe new Webster's dictionary of the English language.30aWebster's dictionary of the English language aInternational edition. aNew York :bLexicon International/Publishers Guild Group,c2004. a1 v. (various pagings) :billustrations ;c28 cm. 0aEnglish languagevDictionaries.2 aLexicon Publications (Firm)